KEBIJAKSANAAN DAN KEPERCAYAAN TIMUR : (Record no. 198742)
[ view plain ]
| 000 -LEADER | |
|---|---|
| fixed length control field | 01089nam a2200301 i 4500 |
| 003 - CONTROL NUMBER IDENTIFIER | |
| control field | OSt |
| 005 - DATE AND TIME OF LATEST TRANSACTION | |
| control field | 20250206121908.0 |
| 008 - FIXED-LENGTH DATA ELEMENTS--GENERAL INFORMATION | |
| fixed length control field | 250203t20232023my gr 000 0 may d |
| 020 ## - INTERNATIONAL STANDARD BOOK NUMBER | |
| International Standard Book Number | 9786297510125 |
| Qualifying information | paperback |
| Terms of availability | RM 65.00 |
| 040 ## - CATALOGING SOURCE | |
| Original cataloging agency | PPAK |
| Language of cataloging | eng |
| Transcribing agency | PPAK |
| Description conventions | rda |
| 041 ## - LANGUAGE CODE | |
| Language code of text/sound track or separate title | may |
| Language code of original | chi |
| 082 04 - DEWEY DECIMAL CLASSIFICATION NUMBER | |
| Classification number | 327.51 |
| Edition number | 23 |
| 090 00 - LOCALLY ASSIGNED LC-TYPE CALL NUMBER (OCLC); LOCAL CALL NUMBER (RLIN) | |
| Classification number (OCLC) (R) ; Classification number, CALL (RLIN) (NR) | 327.51 |
| Feature heading | HAN |
| Feature heading | G |
| 100 1# - MAIN ENTRY--PERSONAL NAME | |
| Personal name | Han, Zhen, |
| Relator term | author. |
| 245 10 - TITLE STATEMENT | |
| Title | KEBIJAKSANAAN DAN KEPERCAYAAN TIMUR : |
| Remainder of title | Memahami Nilai-nilai Orang China / |
| Statement of responsibility, etc. | Han Zhen ; Penterjemah Lee Hao Jie ; Penyunting Qurratul 'Ain. |
| 246 ## - VARYING FORM OF TITLE | |
| Display text | Translation of: |
| Title proper/short title | Dongfang Zhihui yu Xinyang: Ruhe Kan Zhongguoren de Jiazhiguan |
| 264 #1 - PRODUCTION, PUBLICATION, DISTRIBUTION, MANUFACTURE, AND COPYRIGHT NOTICE | |
| Place of production, publication, distribution, manufacture | Petaling Jaya, Selangor : |
| Name of producer, publisher, distributor, manufacturer | Persatuan Kebudayaan Han Malaysia, |
| Date of production, publication, distribution, manufacture, or copyright notice | 2023 |
| Date of production, publication, distribution, manufacture, or copyright notice | ©2023 |
| 300 ## - PHYSICAL DESCRIPTION | |
| Extent | 213 pages ; |
| Dimensions | 23 cm |
| 336 ## - CONTENT TYPE | |
| Content type term | text |
| Source | rdacontent |
| 337 ## - MEDIA TYPE | |
| Media type term | unmediated |
| Source | rdamedia |
| 338 ## - CARRIER TYPE | |
| Carrier type term | volume |
| Source | rdacarrier |
| 546 ## - LANGUAGE NOTE | |
| Language note | Text in Malay, translated from Chinese. |
| 650 10 - SUBJECT ADDED ENTRY--TOPICAL TERM | |
| Topical term or geographic name entry element | Socialism and culture |
| Geographic subdivision | China |
| 700 0# - ADDED ENTRY--PERSONAL NAME | |
| Personal name | Lee, Hao Jie, |
| Relator term | translator. |
| Personal name | Qurratul 'Ain, |
| Relator term | editor. |
| 942 ## - ADDED ENTRY ELEMENTS (KOHA) | |
| Source of classification or shelving scheme | Dewey Decimal Classification |
| Koha item type | Book |
| Withdrawn | Not for loan | Current library | Shelving location | Date acquired | Total Checkouts | Full call number | Barcode | Date last seen | Date last checked out | Koha item type | Total Renewals |
|---|---|---|---|---|---|---|---|---|---|---|---|
| Perpustakaan Alor Setar | Pinjaman Dewasa | 25/02/2025 | 1 | 327.51 HAN | A01860698 | 01/09/2025 | 30/08/2025 | Book | |||
| Perpustakaan Awam Sungai Petani | Pinjaman Dewasa | 25/02/2025 | 1 | 327.51 HAN | A01860699 | 21/06/2025 | 19/05/2025 | Book | 1 | ||
| Perpustakaan Baling | Pinjaman Dewasa | 25/02/2025 | 327.51 HAN | A01860703 | 25/02/2025 | Book | |||||
| Perpustakaan Bandar Baharu | Pinjaman Dewasa | 25/02/2025 | 327.51 HAN | A01860704 | 25/02/2025 | Book | |||||
| Perpustakaan Jitra | Pinjaman Dewasa | 25/02/2025 | 327.51 HAN | A01860700 | 25/02/2025 | Book | |||||
| Perpustakaan Kuala Nerang | Pinjaman Dewasa | 25/02/2025 | 327.51 HAN | A01860708 | 25/02/2025 | Book | |||||
| Perpustakaan Kulim | Pinjaman Dewasa | 25/02/2025 | 327.51 HAN | A01860702 | 25/02/2025 | Book | |||||
| Perpustakaan Langkawi | Pinjaman Dewasa | 25/02/2025 | 1 | 327.51 HAN | A01860701 | 02/02/2026 | 27/01/2026 | Book | |||
| Perpustakaan Merbok | Pinjaman Dewasa | 25/02/2025 | 327.51 HAN | A01860705 | 25/02/2025 | Book | |||||
| Perpustakaan Pendang | Pinjaman Dewasa | 25/02/2025 | 327.51 HAN | A01860709 | 25/02/2025 | Book | |||||
| Perpustakaan Sik | Pinjaman Dewasa | 25/02/2025 | 327.51 HAN | A01860707 | 25/02/2025 | Book | |||||
| Perpustakaan Yan | Pinjaman Dewasa | 25/02/2025 | 327.51 HAN | A01860706 | 25/02/2025 | Book |